[Event "Pszczyna op 4th"]
[Site "Pszczyna"]
[Date "2008.07.17"]
[Round "4"]
[White "Szyndler, Alojzy"]
[Black "Stepaniec, Lukasz"]
[Result "1/2-1/2"]
[WhiteElo "1969"]
[BlackElo "1860"]
[PlyCount "81"]
[EventDate "2008.07.15"]
[EventType "swiss"]
[EventRounds "9"]
[EventCountry "POL"]
[SourceTitle "CBM 125 Extra"]
[Source "ChessBase"]
[SourceDate "2008.09.01"]
[SourceVersion "1"]
[SourceVersionDate "2008.09.01"]
[SourceQuality "1"]

1. f4 d5 2. e3 g6 3. d4 Bg7 4. Nf3 Nf6 5. Bd3 e6 6. 0-0 0-0 7. Nbd2 Nbd7 8. Ne5 c5 9. c3 Qc7 10. h3 a6 11. g4 Ne8 12. Ndf3 Nb6 13. Nh2 f6 14. Nef3 Nd6 15. Kg2 Bd7 16. Bd2 Nbc4 17. Rb1 Bb5 18. Qc2 Rae8 19. Rbe1 Ne4 20. Rg1 g5 21. Bc1 Ncd6 22. Nf1 c4 23. Bxe4 Nxe4 24. Ng3 Nxg3 25. Kxg3 gxf4+ 26. exf4 Re7 27. Kg2 Bh6 28. f5 Bxc1 29. Qxc1 exf5 30. Rxe7 Qxe7 31. Re1 Qd7 32. Qf4 fxg4 33. hxg4 Rf7 34. Nh4 Qc7 35. Kf3 Qxf4+ 36. Kxf4 Rf8 37. Nf5 Re8 38. Rxe8+ Bxe8 39. Ne7+ Kf7 40. Nxd5 Bc6 41. Ne3 1/2-1/2

[Event "Pszczyna op 4th"]
[Site "Pszczyna"]
[Date "2008.07.16"]
[Round "3"]
[White "Galyga, Zbigniew"]
[Black "Szyndler, Alojzy"]
[Result "1-0"]
[WhiteElo "2175"]
[BlackElo "1969"]
[PlyCount "69"]
[EventDate "2008.07.15"]
[EventType "swiss"]
[EventRounds "9"]
[EventCountry "POL"]
[SourceTitle "CBM 125 Extra"]
[Source "ChessBase"]
[SourceDate "2008.09.01"]
[SourceVersion "1"]
[SourceVersionDate "2008.09.01"]
[SourceQuality "1"]

1. d4 Nf6 2. c4 g6 3. g3 Bg7 4. Bg2 d6 5. Nf3 0-0 6. Nc3 Nbd7 7. 0-0 c6 8. e4 h6 9. h3 a6 10. Be3 Qc7 11. Rc1 e5 12. Qd2 Kh7 13. Rfd1 Re8 14. dxe5 dxe5 15. Qc2 Qa5 16. Nd2 Bf8 17. a3 Qc7 18. Na4 b5 19. cxb5 axb5 20. Nc3 Qb8 21. Bf1 Bb7 22. Ne2 Ra4 23. f3 Qa8 24. Nc3 Ra5 25. Nb3 Ra6 26. Na2 Qb8 27. Nb4 Bxb4 28. axb4 Ba8 29. Nc5 Nxc5 30. Bxc5 Qc8 31. Rd6 Nh5 32. Qb3 Kg7 33. Kh2 Bb7 34. f4 Nf6 35. Bd3 1-0

[Event "Pszczyna op 4th"]
[Site "Pszczyna"]
[Date "2008.07.15"]
[Round "2"]
[White "Tchorzewski, Kazimierz"]
[Black "Szyndler, Alojzy"]
[Result "0-1"]
[WhiteElo "1870"]
[BlackElo "1969"]
[PlyCount "128"]
[EventDate "2008.07.15"]
[EventType "swiss"]
[EventRounds "9"]
[EventCountry "POL"]
[SourceTitle "CBM 125 Extra"]
[Source "ChessBase"]
[SourceDate "2008.09.01"]
[SourceVersion "1"]
[SourceVersionDate "2008.09.01"]
[SourceQuality "1"]

1. e4 c6 2. d4 d6 3. c4 g6 4. Nc3 Bg7 5. f4 Nf6 6. e5 Ng4 7. Be2 h5 8. Nf3 0-0 9. 0-0 c5 10. h3 Nh6 11. d5 Na6 12. a3 Rb8 13. Be3 Nc7 14. Qd2 a6 15. a4 b6 16. Bd3 e6 17. Rad1 exd5 18. cxd5 Nf5 19. Bf2 Re8 20. Rfe1 b5 21. axb5 axb5 22. Be4 b4 23. Na4 Nb5 24. exd6 Nfxd6 25. Nxc5 Nxe4 26. Nxe4 Bf5 27. Ng3 Nd6 28. Ne5 Rb5 29. Qe2 Bd7 30. Qd3 Qc8 31. Rc1 Qb7 32. Nc6 Bxb2 33. Rb1 Bc3 34. Red1 h4 35. Ne2 Bf5 36. Qf3 Be4 37. Qg4 Bxb1 38. Rxb1 Nf5 39. Qf3 Bf6 40. Rb3 Qd7 41. Rd3 b3 42. Rxb3 Qxd5 43. Rxb5 Qxb5 44. Ncd4 Qb1+ 45. Kh2 Qe4 46. Qxe4 Rxe4 47. Nxf5 gxf5 48. Ng1 Rxf4 49. Nf3 Re4 50. Kg1 Kh7 51. Kh2 Kg6 52. Kg1 Kh5 53. g3 hxg3 54. Bxg3 Bd4+ 55. Kf1 f6 56. Nd2 Re6 57. Nf3 Be5 58. Bf2 f4 59. Kg2 Ra6 60. Ne1 Ra2 61. Kf3 Kg5 62. Kg2 Kf5 63. Kf3 Ra3+ 64. Kg2 Ke4 0-1

[Event "Rowy Seniors op 7th"]
[Site "Rowy"]
[Date "2003.09.04"]
[Round "5"]
[White "Szyndler, Alojzy"]
[Black "Serbinowski, Mieczyslaw"]
[Result "0-1"]
[WhiteElo "2056"]
[BlackElo "2000"]
[PlyCount "54"]
[EventDate "2003.08.??"]
[EventType "swiss"]
[EventRounds "9"]
[EventCountry "POL"]
[SourceTitle "EXT 2006"]
[Source "ChessBase"]
[SourceDate "2005.11.24"]
[SourceVersion "1"]
[SourceVersionDate "2005.11.24"]
[SourceQuality "1"]

1. f4 e5 2. fxe5 Nc6 3. Nf3 d6 4. e4 dxe5 5. Bb5 Bc5 6. d3 Bg4 7. Nc3 a6 8. Bxc6+ bxc6 9. h3 Bh5 10. g4 Bg6 11. Qe2 f6 12. Be3 Bb4 13. Qd2 h5 14. 0-0-0 Qd7 15. a3 Ba5 16. g5 Ne7 17. Rdg1 0-0-0 18. b4 Bb6 19. Qf2 Bd4 20. Bxd4 exd4 21. Na4 f5 22. Ne5 Qe6 23. Nxg6 Qxg6 24. exf5 Nxf5 25. Nc5 Ne3 26. Nxa6 Rhf8 27. Qg3 Rd7 0-1

[Event "Rowy Seniors op 7th"]
[Site "Rowy"]
[Date "2003.09.03"]
[Round "4"]
[White "Krasinski, Jerzy Roman"]
[Black "Szyndler, Alojzy"]
[Result "1/2-1/2"]
[WhiteElo "2200"]
[BlackElo "2056"]
[PlyCount "31"]
[EventDate "2003.08.??"]
[EventType "swiss"]
[EventRounds "9"]
[EventCountry "POL"]
[SourceTitle "EXT 2006"]
[Source "ChessBase"]
[SourceDate "2005.11.24"]
[SourceVersion "1"]
[SourceVersionDate "2005.11.24"]
[SourceQuality "1"]

1. d4 e6 2. c4 d5 3. Nc3 c6 4. e3 Nf6 5. Nf3 Nbd7 6. Bd3 Bb4 7. 0-0 0-0 8. Qc2 g6 9. e4 dxe4 10. Nxe4 Nxe4 11. Bxe4 Be7 12. Bh6 Re8 13. Rad1 Qc7 14. d5 cxd5 15. cxd5 Qxc2 16. Bxc2 1/2-1/2

[Event "Rowy Seniors op 7th"]
[Site "Rowy"]
[Date "2003.09.01"]
[Round "2"]
[White "Blernat, Stanislaw"]
[Black "Szyndler, Alojzy"]
[Result "1/2-1/2"]
[WhiteElo "1800"]
[BlackElo "2056"]
[PlyCount "96"]
[EventDate "2003.08.??"]
[EventType "swiss"]
[EventRounds "9"]
[EventCountry "POL"]
[SourceTitle "EXT 2006"]
[Source "ChessBase"]
[SourceDate "2005.11.24"]
[SourceVersion "1"]
[SourceVersionDate "2005.11.24"]
[SourceQuality "1"]

1. d4 Nf6 2. c4 d5 3. Nc3 c6 4. e3 e6 5. Nf3 Nbd7 6. Bd3 Bb4 7. 0-0 0-0 8. Qc2 Re8 9. Ne5 Nf8 10. Ne2 N6d7 11. f4 f5 12. cxd5 Nxe5 13. dxe5 cxd5 14. a3 Ba5 15. b4 Bb6 16. Qd2 a6 17. Bb2 Bd7 18. Bd4 h6 19. Bxb6 Qxb6 20. h4 Rac8 21. Rfc1 Qd8 22. g3 g5 23. hxg5 hxg5 24. Nd4 Kg7 25. Qh2 Qe7 26. Kf2 Ng6 27. Rxc8 Rxc8 28. Rh1 Rh8 29. Qg2 Rxh1 30. Qxh1 gxf4 31. exf4 Qd8 32. Qc1 Qb6 33. Qc5 Qxc5 34. bxc5 Kf7 35. Ke3 Ne7 36. Be2 Nc8 37. g4 fxg4 38. Bxg4 Na7 39. Kd2 Nc6 40. Nxc6 Bxc6 41. Kc3 a5 42. Kd4 Bd7 43. Bf3 Ke7 44. Bg2 Kd8 45. Bh3 Ke7 46. Bf1 Ba4 47. Bd3 Bd7 48. Kc3 Kd8 1/2-1/2

[Event "Rowy Seniors op 7th"]
[Site "Rowy"]
[Date "2003.03.17"]
[Round "8"]
[White "Drauszke, Mieczyslaw"]
[Black "Szyndler, Alojzy"]
[Result "0-1"]
[WhiteElo "1800"]
[BlackElo "2056"]
[PlyCount "28"]
[EventDate "2003.08.??"]
[EventType "swiss"]
[EventRounds "9"]
[EventCountry "POL"]
[SourceTitle "EXT 2006"]
[Source "ChessBase"]
[SourceDate "2005.11.24"]
[SourceVersion "1"]
[SourceVersionDate "2005.11.24"]
[SourceQuality "1"]

1. c4 e6 2. Nc3 d5 3. cxd5 exd5 4. d4 c6 5. e3 Nf6 6. Be2 Bd6 7. Nf3 0-0 8. 0-0 Re8 9. a3 Nbd7 10. b4 a6 11. Na4 Ne4 12. Bb2 f5 13. Ne5 Qf6 14. Rb1 b5 0-1

[Event "Wisla Hugart op"]
[Site "Warsaw"]
[Date "1999.??.??"]
[Round "?"]
[White "Seifert, Henryk"]
[Black "Szyndler, Alojzy"]
[Result "1-0"]
[WhiteElo "2310"]
[BlackElo "2210"]
[PlyCount "120"]
[EventDate "1999.??.??"]
[EventType "swiss"]
[EventRounds "9"]
[EventCountry "POL"]
[SourceTitle "EXT 2003"]
[Source "ChessBase"]
[SourceDate "2002.11.25"]
[SourceVersion "1"]
[SourceVersionDate "2002.11.25"]
[SourceQuality "1"]

1. e4 d6 2. d4 g6 3. Bc4 Nf6 4. Qe2 Bg7 5. Nf3 0-0 6. 0-0 Bg4 7. h3 Bxf3 8. Qxf3 c6 9. Bg5 d5 10. exd5 cxd5 11. Bxf6 Bxf6 12. Bxd5 Nc6 13. c3 Rc8 14. Nd2 e6 15. Ne4 Bg7 16. Bb3 b6 17. a3 Rc7 18. Rad1 Na5 19. Ba2 Nc4 20. Bxc4 Rxc4 21. Rfe1 Rc7 22. Qf4 Rd7 23. Qg5 h6 24. Qxd8 Rfxd8 25. f4 e5 26. fxe5 Bxe5 27. Nf2 Bg7 28. Nd3 Kf8 29. Re4 h5 30. Rde1 Bf6 31. Rf1 Re7 32. Ref4 Bg7 33. g4 hxg4 34. hxg4 Kg8 35. Kg2 Rdd7 36. Re1 Rxe1 37. Nxe1 Re7 38. Nd3 Kf8 39. Kf3 Bh6 40. Re4 Rc7 41. d5 Rd7 42. c4 Bg5 43. a4 a5 44. Nf2 Rd6 45. Ke2 Be7 46. Re3 Rd8 47. Ne4 Kg7 48. g5 Rh8 49. d6 Bd8 50. Kd3 f5 51. gxf6+ Bxf6 52. Nxf6 Kxf6 53. Kd4 Rc8 54. Rb3 Rc6 55. c5 Rxc5 56. Rxb6 Rg5 57. Rb5 Rg4+ 58. Kd5 Rxa4 59. Rb8 Ra1 60. d7 Ke7 1-0